<?xml version="1.0" encoding="UTF-8"?>
<collection xmlns="http://www.loc.gov/MARC21/slim">
 <record>
  <leader>01637nam a2200205Ia 4500</leader>
  <controlfield tag="001">CTU_142349</controlfield>
  <controlfield tag="008">210402s9999    xx            000 0 und d</controlfield>
  <datafield tag="020" ind1=" " ind2=" ">
   <subfield code="c">48000</subfield>
  </datafield>
  <datafield tag="082" ind1=" " ind2=" ">
   <subfield code="a">383.14</subfield>
  </datafield>
  <datafield tag="082" ind1=" " ind2=" ">
   <subfield code="b">H404</subfield>
  </datafield>
  <datafield tag="100" ind1=" " ind2=" ">
   <subfield code="a">Ao, Thu Hoài</subfield>
  </datafield>
  <datafield tag="245" ind1=" " ind2="0">
   <subfield code="a">Công nghệ bưu chính</subfield>
  </datafield>
  <datafield tag="245" ind1=" " ind2="0">
   <subfield code="c">Chủ biên Ao Thu Hoài</subfield>
  </datafield>
  <datafield tag="260" ind1=" " ind2=" ">
   <subfield code="a">Hà Nội</subfield>
  </datafield>
  <datafield tag="260" ind1=" " ind2=" ">
   <subfield code="b">Bưu điện</subfield>
  </datafield>
  <datafield tag="260" ind1=" " ind2=" ">
   <subfield code="c">2006</subfield>
  </datafield>
  <datafield tag="520" ind1=" " ind2=" ">
   <subfield code="a">Sách là tài liệu cần thiết cho các lãnh đạo các cán bộ quản lý, các nhà quản trị doanh nghiệp kinh doanh dịch vụ bưu chính và công nghệ bưu chính, các cán bộ phụ trách công tác vận hành và khai thác mạng lưới bưu chính; đồng thời cũng là tài liệu tham khảo hữu ích đối với các giáo viên, các học viên, sinh viên chuyên ngành Bưu điện. Cuốn sách gồm sáu chương đề cập đến các nội dung sau: C1-Tổng quan về công nghệ; C2-Tổng quan về công nghệ bưu chính; C3-Thiết bị bưu chính tại các giao dịch bưu điện; C4-Qui trình công nghệ và các giải pháp kỹ thuật trong trung tâm chia chọn; C5-Công nghệ vận chuyển; C6-Ứng dụng công nghệ thông tin trong bưu chính.</subfield>
  </datafield>
  <datafield tag="650" ind1=" " ind2=" ">
   <subfield code="a">Communication and technology,Postal service,Information technology,Công nghệ thông tin,Bưu chính,Truyền thông và công nghệ</subfield>
  </datafield>
  <datafield tag="904" ind1=" " ind2=" ">
   <subfield code="i">Trọng Hiếu</subfield>
  </datafield>
  <datafield tag="980" ind1=" " ind2=" ">
   <subfield code="a">Trung tâm Học liệu Trường Đại học Cần Thơ</subfield>
  </datafield>
 </record>
</collection>
